000 00648nam a22002057a 4500
005 20251108174609.0
008 250721s2008 xx 000 0 ara d
082 1 4 _a746.4/عبي
100 1 _aعبيد، جمانة
_eمؤلف
245 1 0 _aالتريكو و الإيتامين : فن و إبداع /
264 1 _aعمان :
_bدار البداية ناشرون و موزعون،
_c2008.
300 _a95 ص.
490 0 _aالأشغال اليدوية
650 1 7 _aاشغال الابره
650 1 7 _aالتطريز
650 1 7 _aالحياكه
650 1 7 _aالفنون التشكيليه
942 _2ddc
_cBK
999 _c113184
_d113184